| 000 | 00883cam a22003013a 4500 | ||
|---|---|---|---|
| 001 | 0000733 | ||
| 003 | DO-SdBNP | ||
| 005 | 20180117111135.0 | ||
| 007 | 0000733 | ||
| 008 | 861112 2005 sp a 000 0 spa d | ||
| 010 | _a | ||
| 020 | _a8426109578 | ||
| 040 |
_aBPMSU _cspa _dBPMSU _d |
||
| 100 | 1 |
_aBlyton, Enid _d1897-1968 |
|
| 240 | 1 | 0 | _aFive fall into adventure / |
| 245 | 1 | 4 |
_aLos cinco frente a la aventura / _cEnid Blyton ; traducción María Victoria Oliva ; ilustraciones Enrique Ventura |
| 250 | _a20a. ed. | ||
| 260 |
_aBarcelona, España : _bJuventud, _c2005. |
||
| 300 |
_a176 p. : _bil. _c20 cm. |
||
| 490 | 0 |
_aLos cinco _v9 |
|
| 600 | 0 | 0 |
_a _x |
| 700 | 1 | 2 |
_aOliva, María Victoria _etrad. |
| 700 | 1 | 2 |
_aVentura, Enrique _eil. |
| 830 | 0 |
_aLos cinco _n9 |
|
| 942 |
_2ddc _cBK |
||
| 945 | _aInventariado, 2018 / YL | ||
| 956 |
_aYLOCKWARD _b10 _cBPMSU _d17012018 |
||
| 999 |
_c11610 _d11610 |
||